| 000 | 00687nam a2200193 a 4500 | ||
|---|---|---|---|
| 001 | 000041143 | ||
| 005 | 20201002034644.0 | ||
| 008 | 130919s1994 sp ab 001 0 spa d | ||
| 020 | _a8487111327 | ||
| 040 |
_aDO-SdBNP _bspa _cBNPHU |
||
| 082 |
_axxxx _bxxxx |
||
| 100 | 1 |
_aSala Catala _967688 |
|
| 245 | 1 | 0 |
_aCiencia y Técnica en la metropolización de América. / _cJosé Sala Catala; prólogo, Horacio Capel. |
| 260 |
_aMadrid, : _bDoce calles _bConsejo Superior de Investigaciones Científicas, _c1994. |
||
| 300 |
_a346 p. : _bil. map. ; _c33 cm. |
||
| 500 | _aIncluye notas al pie de página | ||
| 500 | _aIncluye índice de ilustraciones | ||
| 700 | 1 |
_aCapel, Horacio _eprol. _915416 |
|
| 999 |
_c40633 _d40633 |
||